000 00761nam a2200193Ii 4500
003 JO-AjNU
008 230605s9999||||xx |||||||||||||| ||und||
040 _aJO-AjNU
_bara
_erda
_cJO-AjNU
041 _aara
050 1 4 _aBP153.B3992 1900
100 3 _aتاليف البيضاوى، عبدالله بن عمر؛ دراسة وتحقيق وتعليق علي محي الدين على القره داغي,
_eauthor
_946598
245 0 0 _aالغايه القصوى في دراية الفتوى، ج1
264 3 1 _aد.م: د.ن، 1900
300 _aج1، 592ص
336 _atext
_btxt
_2rdacontent
337 _aunmediated
_bn
_2rdamedia
338 _avolume
_bnc
_2rdacarrier
650 4 _aفقه شافعي - فقه مقارن - الفقه الاسلامي
_946599
999 _aA20284
_c23852
_d23852